00573nam a2200145 a 4500008004100000050001400041100002000055245004000075260004100115300002200156350000900178995009300187999001700280952013000297120416s1977 ||||||||||||||||| || u aHA 29 Bri aBrite, Robert L10aIntroduction to business statistics aReading, Mass.bAddison-Wesleyc1977 axii, 365p. : ill. a0.00 D0.00FCBU-MAIN LIBRARY (Kitwe)H1I0.00M1UDAMAGEDZMain Library Open Access Collection c47643d47643 00102lcc4070a001b001cMain Library Open Access Collectiond2022-11-30l0oHA 29 Brip702393r2022-11-30w2022-11-30y002